000
00312nam a22001337a 4500
003
SGT
020
_a
9789395039000
082
_a
613.2
_b
SHA
100
_a
SHARMA REKHA
245
_a
INTRODUCTION TO FUNCTIONAL FOOD AND NUTRACEUTICALS
260
_a
INDIA
_b
PHARMA MED
_c
2023
300
_a
506
942
_2
ddc
_c
BK
999
_c
34488
_d
34488